Catálogo
 En Linea

Obras escogidas de Oscar Cucurullo, Jr. / (Registro nro. 13698)

Detalles MARC
000 -CABECERA
campo de control de longitud fija 00860nam a2200217 a 4500
001 - NÚMERO DE CONTROL
campo de control 000014096
005 - FECHA Y HORA DE LA ÚLTIMA TRANSACCIÓN
campo de control 20200929163455.0
008 - DATOS DE LONGITUD FIJA--INFORMACIÓN GENERAL
campo de control de longitud fija 091204s1993 dr ab 000 0 spa d
040 ## - FUENTE DE LA CATALOGACIÓN
Centro catalogador/agencia de origen DO-SdBNP
Lengua de catalogación spa
Centro/agencia transcriptor BNPHU
082 ## - NÚMERO DE LA CLASIFICACIÓN DECIMAL DEWEY
Número de clasificación 917.293
Número de documento/Ítem O13e
049 ## - FONDOS LOCALES (OCLC)
Fondos de biblioteca BNPD
245 00 - MENCIÓN DE TÍTULO
Título Obras escogidas de Oscar Cucurullo, Jr. /
Mención de responsabilidad, etc. selección, edición y notas Dato Pagán Perdomo.
260 ## - PUBLICACIÓN, DISTRIBUCIÓN, ETC.
Lugar de publicación, distribución, etc. Santo Domingo :
Nombre del editor, distribuidor, etc. Taller,
Fecha de publicación, distribución, etc. 1993.
300 ## - DESCRIPCIÓN FÍSICA
Extensión 275 p. :
Otras características físicas il., maps. ;
Dimensiones 23 cm.
490 1# - MENCIÓN DE SERIE
Mención de serie Sociedad Dominicana de Geografía
Designación de volumen o secuencia v. 20
500 ## - NOTA GENERAL
Nota general Incluye referencias bibliográficas y notas al pie de las páginas
504 ## - NOTA DE BIBLIOGRAFÍA, ETC.
Nota de bibliografía, etc. Incluye bibliografías del Prof. Oscar Cucurullo, Jr. (p. 269-275)
650 #4 - PUNTO DE ACCESO ADICIONAL DE MATERIA--TÉRMINO DE MATERIA
Término de materia o nombre geográfico como elemento de entrada República dominicana
Subdivisión general Geografía
9 (RLIN) 31908
700 1# - PUNTO DE ACCESO ADICIONAL--NOMBRE DE PERSONA
Nombre de persona Perdomo Pagán, Dato,
Término indicativo de función/relación sel., ed. y notas
9 (RLIN) 31909
830 #0 - PUNTO DE ACCESO ADICIONAL DE SERIE-TÍTULO UNIFORME
Título uniforme Sociedad Dominicana de Geografía
Designación de volumen o secuencia no. 20
9 (RLIN) 31910
Existencias
Estado de retiro Estado de pérdida No para préstamo Código de colección Localización permanente Ubicación/localización actual Ubicación en estantería Fecha de adquisición Número de inventario Total de préstamos Signatura topográfica completa Código de barras Fecha visto por última vez Precio válido a partir de Tipo de ítem Koha Número de copia
    Excluido de préstamo Patrimonio Dominicano Patrimonio Dominicano Patrimonio Dominicano En catalogación 04.12.2009 LF1   917.293 O13e 14096-10 25.06.2020 25.06.2020 Libro y Folleto Colección Patrimonio Dominicano  
    Excluido de préstamo Patrimonio Dominicano Patrimonio Dominicano Patrimonio Dominicano En catalogación 25.01.2011 LF1   917.293 O13e 14096-50 25.06.2020 25.06.2020 Libro y Folleto Colección Patrimonio Dominicano e. 2
    Excluido de préstamo Dominicana de Servicio Patrimonio Dominicano Patrimonio Dominicano En catalogación 25.01.2011 LF1   917.293 O13e 14096-60 25.06.2020 25.06.2020 Libro y Folleto Colección Dominicana de Servicio e. 3
    Excluido de préstamo Dominicana de Servicio Patrimonio Dominicano Patrimonio Dominicano En catalogación 07.05.2013 LF1   917.293 O13e 14096-70 25.06.2020 25.06.2020 Libro y Folleto Colección Dominicana de Servicio e. 4
    Excluido de préstamo Dominicana de Servicio Patrimonio Dominicano Patrimonio Dominicano En catalogación 07.05.2013 LF1   917.293 O13e 14096-80 25.06.2020 25.06.2020 Libro y Folleto Colección Dominicana de Servicio e. 5

Con tecnología Koha